The death of Adam ; evolution and its impact on Western thought.

Bibliographic Details
Main Author: Greene, John C.
Format: Book
Language:English
Published: Ames : Iowa State University Press, [1959]
Subjects:

MARC

Tag First Indicator Second Indicator Subfields
LEADER 00000cam a2200000 4500
001 in00000046290
005 20151007071308.0
008 720107s1959 iaua b 00000 eng u
010 |a  59011784  
035 |a (OCoLC)00192421 
035 |9 AAE5693AM 
040 |c AKR  |d IAV  |d TXA  |d UtOrBLW 
049 |a TXAM  |c [319126] 
050 0 |a QH361  |b .G7 
092 |a 575.09  |b G811d, 1959 
096 |a QH 361 G811d 1959 
100 1 |a Greene, John C. 
245 1 4 |a The death of Adam ;  |b evolution and its impact on Western thought. 
264 1 |a Ames :  |b Iowa State University Press,  |c [1959] 
300 |a 388 pages :  |b illustrations ;  |c 27 cm. 
336 |a text  |b txt  |2 rdacontent 
337 |a unmediated  |b n  |2 rdamedia 
338 |a volume  |b nc  |2 rdacarrier 
504 |a Bibliographical references included in "Notes" (pages 341-377). 
650 0 |a Evolution  |x History. 
650 0 |a Religion and science. 
999 |a MARS 
999 f f |s fdf01f37-d71c-3b02-9e68-d04f278cd8bb  |i 66249e44-a33f-350d-8543-e3bd53e466fc  |t 0 
952 f f |p normal  |a Texas A&M University  |b College Station  |c Sterling C. Evans Library  |d Evans: Library Stacks  |t 0  |e QH361 .G7  |h Library of Congress classification  |i unmediated -- volume  |m A14800978030 
998 f f |a QH361 .G7  |t 0  |l Evans: Library Stacks